<?xml version="1.0" encoding="UTF-8"?>
<marc:record xmlns:marc="http://www.loc.gov/MARC21/slim">
   <marc:leader>00000nam a2200000 a 4500</marc:leader>
   <marc:datafield ind1="1" ind2=" " tag="100">
      <marc:subfield code="a">Rudle, Gerold</marc:subfield>
      <marc:subfield code="4">aut</marc:subfield>
      <marc:subfield code="e">Verfasser/-in</marc:subfield>
   </marc:datafield>
   <marc:datafield ind1="1" ind2=" " tag="100">
      <marc:subfield code="a">Rudle, Gerold</marc:subfield>
   </marc:datafield>
   <marc:datafield ind1="0" ind2="0" tag="245">
      <marc:subfield code="a">Träum weiter ...</marc:subfield>
   </marc:datafield>
   <marc:datafield ind1=" " ind2="1" tag="264">
      <marc:subfield code="a">Wien</marc:subfield>
      <marc:subfield code="b">Hoanzl Kurier edition</marc:subfield>
      <marc:subfield code="c">2012</marc:subfield>
   </marc:datafield>
   <marc:datafield ind1="1" ind2=" " tag="490">
      <marc:subfield code="a">Best of Kabarett</marc:subfield>
      <marc:subfield code="v">112</marc:subfield>
   </marc:datafield>
   <marc:datafield ind1="1" ind2=" " tag="520">
      <marc:subfield code="a">Früher war alles besser. Sogar die Zukunft. Frei nach Karl Valentin dreht sich bei Monica Weinzettl und Gerold Rudle nach drei Programmen über Mann-Frau-Beziehungen in "Träum weiter ..." alles um den Ausstieg aus dem Alltag. Ums Wandern auf dem Jakobsweg. Wie viel oder wenig traumhafte Zeit ist noch übrig? Die zwei überlegen an der Bushaltestelle, ob der letzte Bus für sie bereits abgefahren sei. Unterbrochen von Rückblenden, resümiert das Paar über anfängliche Traumhäuser und -partner und sinniert angesichts der langsam bröckelnden Fassade über neue Ziele. Also träumen wir weiter ... Gemeinsam gehts besser.</marc:subfield>
   </marc:datafield>
   <marc:datafield ind1="0" ind2=" " tag="490">
      <marc:subfield code="v">0</marc:subfield>
   </marc:datafield>
   <marc:datafield ind1=" " ind2=" " tag="300">
      <marc:subfield code="a">92 Min.</marc:subfield>
   </marc:datafield>
</marc:record>
